00531nam a2200205 a 4500001001300000003000900013005001700022008004100039020001000080082001600090100002500106245002300131260004200154300000900196500003500205505001500240650002600255650001900281700002500300nice12345678IN_TiNIC20260116012447.0050524s1988 dela grp 000 0 eng  ac67500a922.97bNIZ aNizami, Khaliq Ahmed aMaulana Azad Album aDelhibIdara-I-Adabiyat-I-Dillic1988 a169p aincludes index and biblioraphy2 aChronology aAbul Kalam Azad-Album aIndia-Politics1 aNizami, Khaliq Ahmed